01008 a2200181 45000010006000000050017000060080041000230030015000640400040000790800121001192450044002400200022002842640106003063000026004125050227004381000025006658560136006902827520260407155555.0260407a2014 arg spa dAR-UNSa-BCEJYS aAR-UNSa-BCEJYSbspacAR-UNSa-BCEJYS a342.7xDerechos fundamentales. Derechos humanos. Derechos y deberes de los ciudadanos (Derecho a la Salud, vivienda)10aEstudios acerca del derecho de la salud a978-987-03-2757-8 1aBuenos Aires :bUniversidad de Buenos Aires. Facultad de Derecho. Departamento de Publicacionesc2014 axxxiv, 456 p.c24 cm. a1. Marco General - 2. La salud, un derecho humano - 3. El ejercicio de la autonomía - 4. Los determinantes de la salud - 5. Salud mental - 6. Medicamentos - 7. Estudios sobre derecho de la salud - 8. Derecho comparado - 1 aAizenberg, Marisa S.41uhttps://biblioeco.unsa.edu.ar/pmb/images/libros/Estidudio acerca del Derecho de la Salud-l125002.jpgyImagen de portadaqimage/jpeg